| 000 | 00561nam a22002417a 4500 | ||
|---|---|---|---|
| 003 | UA-OsUOA | ||
| 001 | 24228 | ||
| 007 | ta | ||
| 008 | 20040211b un ||||| |||| 00| 0 ukr d | ||
| 090 |
_a327 _bК45 |
||
| 942 | _cBK | ||
| 040 |
_aUA-OsUOA _brus _cUA-OsUOA _dUA-OsUOA |
||
| 245 | _aКитай: факты, цифры 2000 | ||
| 300 |
_a206 с. _bІлюстрації |
||
| 955 | _a0 | ||
| 041 | _arus | ||
| 080 | _a327 | ||
| 020 | _a7-80148-309-Х | ||
| 260 |
_aПекин _bСиньсин _c2000 |
||
| 044 | _aRU | ||
| 650 | 7 | _2UDC | |
| 999 |
_c310494 _d310494 |
||